000 00559cam a2200145 4500500
005 20260111093421.0
041 _afre
042 _adc
100 1 0 _aMiossec, Alain
_eauthor
245 0 0 _aJean Paul Charvet et Michel Sivignon (dir.), Géographie humaine. Questions et enjeux du monde contemporain, A. Colin, 2016 ; 398 p., 36 €
260 _c2016.
500 _a97
786 0 _nLa Géographie | 1562 | 3 | 2016-07-01 | p. 53h-57h | 1964-9002
856 4 1 _uhttps://shs.cairn.info/revue-la-geographie-2016-3-page-53h?lang=fr&redirect-ssocas=7080
999 _c1626306
_d1626306